Code d'instruction criminelle et code pénal (Record no. 163600)

MARC details
000 -LEADER
campo de control de longitud fija 01048nam a2200229 i 4500
001 - NÚMERO DE CONTROL
campo de control 163600
003 - IDENTIFICADOR DE NÚMERO DE CONTROL
campo de control ES-MaACL
005 - FECHA Y HORA DE LA ÚLTIMA TRANSACCIÓN
campo de control 20230906212756.0
008 - DATOS DE LONGITUD FIJA--INFORMACIÓN GENERAL
campo de control de longitud fija 050714m18841900fr | |||||||| ||fre d
040 ## - FUENTE DE CATALOGACIÓN
Centro catalogador/agencia de origen CAM
Lengua de catalogación spa
Centro/agencia transcriptor CAM
100 1# - ENTRADA PRINCIPAL--NOMBRE DE PERSONA
Nombre de persona Rivière, Hippolyte-Ferréol.
9 (RLIN) 131872
245 10 - MENCIÓN DEL TÍTULO
Título Code d'instruction criminelle et code pénal
Resto del título : annoté des arrèts de la cour de cassation et des circulaires ministérielles ... /
Mención de responsabilidad, etc. par H.F. Rivière; avec le concours de Faustin Hélie, Paul Pont.
260 ## - PUBLICACIÓN, DISTRIBUCIÓN, ETC.
Lugar de publicación, distribución, etc. Paris :
Nombre del editor, distribuidor, etc. A. Chevalier-Marescq sucesseur,
Fecha de publicación, distribución, etc. [s.a.] (
Lugar de fabricación/manufactura Corbeil :
Fabricante Typ. Crété)
300 ## - DESCRIPCIÓN FÍSICA
Extensión 159, 11, 47, 10 p. ;
Dimensiones 15 cm.
505 8# - NOTA DE CONTENIDO CON FORMATO
Nota de contenido con formato Las 11 p. corresponden al 1er appendice du Code Pénal; las 47 p. al IIe appendice du Code Penal, y las 10 p. al IIIe appendice du Code Pénal
596 ## - NOTA AL PIE DE IMPRENTA
NOTA AL PIE DE IMPRENTA Probablemente impreso entre 1884 y 1900.
650 #4 - PUNTO DE ACCESO ADICIONAL DE MATERIA--TÉRMINO DE MATERIA
Término de materia o nombre geográfico como elemento de entrada Derecho penal-
Subdivisión geográfica Francia.
9 (RLIN) 155135
700 1# - ENTRADA AGREGADA--NOMBRE PERSONAL
Nombre de persona Hélie, Faustin.
9 (RLIN) 62427
700 1# - ENTRADA AGREGADA--NOMBRE PERSONAL
Nombre de persona Pont, Paul.
9 (RLIN) 131271
752 ## - ENTRADA AGREGADA--NOMBRE JERÁRQUICO DEL LUGAR
País o entidad superior Francia -
Ciudad París
852 ## - LOCALIZACIÓN
Ubicación ES-MaACL
Número de control de estantería G-1604
Nota libre -- Enc. hol.
Holdings
Estatus retirado Estado de pérdida Estado de daño No para préstamo Biblioteca de origen Biblioteca actual Ubicación en estantería Fecha de adquisición Fuente de adquisición Total de préstamos Signatura topográfica completa Código de barras Visto por última vez Precio de reemplazo Tipo de ítem Koha
        Biblioteca del Ateneo de Madrid Biblioteca del Ateneo de Madrid Depósito 2 17/01/2008     G-1604 1171439 23/02/2023 23/02/2023 Libro impreso